Score 0/22 Timer 07:00
0 Plays Today
Letter after 'I' Country Name % Correct
ANigeria, ...
98.6%
NChina, ...
97.3%
CMexico, ...
94.6%
TSwitzerland, ...
94.5%
RIran, ...
90.9%
LBrazil, ...
88.2%
SPakistan, ...
87.8%
-Haiti, ...
87%
BLiberia, ...
85.1%
EVietnam, ...
72.5%
JFiji, ...
68.8%
Letter after 'I' Country Name % Correct
VCote d'Ivoire, ...
67.4%
GNigeria, ...
65.5%
MZimbabwe, ...
64.1%
PPhilippines, ...
56.6%
QMozambique
54.4%
UMauritius, ...
52.7%
KTajikistan
48.6%
ZBelize
47.3%
OEthiopia
32.6%
WTaiwan
31.5%
DTrinidad and Tobago
26.3%
Remove Ads.
Support Sporcle.
Get the best of Sporcle when you Go Orange. This ad-free experience offers more features, more stats, and more fun while also helping to support Sporcle. Thank you for becoming a member.

You're not logged in!

Compare scores with friends on all Sporcle quizzes.
OR
Log In

Sporcle TV

Today on Sporcle TV


Watch our educational content, quiz creation guides, and fun videos on Sporcle TV.

Show Comments

Extras

Top Quizzes Today


Score Distribution

Paid Content

Your Account Isn't Verified!

In order to create a playlist on Sporcle, you need to verify the email address you used during registration. Go to your Sporcle Settings to finish the process.

Report this User

Report this user for behavior that violates our Community Guidelines.

Details: